Anciens glossaires romans / (Record no. 48780)

MARC details
000 -LEADER
campo de control de longitud fija 00879nam a2200217 i 4500
001 - NÚMERO DE CONTROL
campo de control 48780
003 - IDENTIFICADOR DE NÚMERO DE CONTROL
campo de control ES-MaACL
005 - FECHA Y HORA DE LA ÚLTIMA TRANSACCIÓN
campo de control 20250726075506.0
007 - CAMPO FIJO DE DESCRIPCIÓN FÍSICA--INFORMACIÓN GENERAL
campo de control de longitud fija t|
008 - DATOS DE LONGITUD FIJA--INFORMACIÓN GENERAL
campo de control de longitud fija 931025s1870 fr ||||1| fre d
100 1# - ENTRADA PRINCIPAL--NOMBRE DE PERSONA
Nombre de persona Diez, Friedrich Christian,
Fechas asociadas al nombre 1794-1876
9 (RLIN) 44646
245 10 - MENCIÓN DEL TÍTULO
Título Anciens glossaires romans /
Mención de responsabilidad, etc. corrigés et expliqués par Frédéric Diez ; traduit par Alfred Bauer.
260 ## - PUBLICACIÓN, DISTRIBUCIÓN, ETC.
Lugar de publicación, distribución, etc. Paris :
Nombre del editor, distribuidor, etc. A. Franck,
Fecha de publicación, distribución, etc. 1870 (
Lugar de fabricación/manufactura Nogent-le-Retrou :
Fabricante Impr. de A. Gouverneur)
300 ## - DESCRIPCIÓN FÍSICA
Extensión XI, 140 p. ;
Dimensiones 25 cm.
490 1# - MENCIÓN DE SERIE
Mención de serie Bibliothéque de l'école des hautes études. Sciences philologiques et historiques ;
Designación de volumen o secuencia fasc. 5
700 1# - ENTRADA AGREGADA--NOMBRE PERSONAL
Nombre de persona Bauer, Alfred.
9 (RLIN) 26540
830 00 - PUNTO DE ACCESO ADICIONAL DE SERIE-TÍTULO UNIFORME
Título uniforme Bibliothèque de l'École des Hautes Études. Sciences historiques et philologiques
Designación de volumen o secuencia fasc. 5
9 (RLIN) 229685
852 ## - LOCALIZACIÓN
Ubicación ES-MaACL
Número de control de estantería G-15379
852 ## - LOCALIZACIÓN
Ubicación ES-MaACL
Número de control de estantería C-7549
Holdings
Estatus retirado Estado de pérdida Estado de daño No para préstamo Colección Biblioteca de origen Biblioteca actual Ubicación en estantería Fecha de adquisición Fuente de adquisición Total de préstamos Signatura topográfica completa Código de barras Visto por última vez Precio de reemplazo Tipo de ítem Koha
        Libros del s. XIX Biblioteca del Ateneo de Madrid Biblioteca del Ateneo de Madrid Sala Palomar 06/04/2011     C-7549 1186574 23/02/2023 23/02/2023 Libro impreso antiguo
        Libros del s. XIX Biblioteca del Ateneo de Madrid Biblioteca del Ateneo de Madrid Sala Pecera Planta 3 17/01/2008     G-15379 1051334 23/02/2023 23/02/2023 Libro impreso antiguo